Tilastot visalle Suomen yleisimmät naisten etunimet kautta aikojen

Klikkaa tästä pelataksesi tätä visaa!

Yleistilastot

  • Tätä visaa on pelattu 1 192 kertaa
  • Keskiarvotulos 4 / 10

Vastaustilastot

HintAnswer% Oikein
375909Maria
83%
117283Anna
78%
102040Liisa
57%
147099Johanna
41%
170504Helena
34%
145632Anneli
28%
123577Marjatta
21%
132451Kaarina
19%
92681Hannele
19%
98301Annikki
16%

Tulosjakauma

Persentiili vastausten määrän mukaan

Jokaisen tuloksen saaneiden osuus

Tuloshistoriasi

Et ole pelannut tätä visaa